000 00822nam a2200217 i 4500
001 44822
003 ES-MaACL
005 20250725002246.0
007 t|
008 030324q1955 sp ||||1| spa d
100 1 _aCloos, Hans.
_939281
245 1 0 _aDiálogo con la tierra
_b: peregrinaciones de un geólogo por el mundo y por la vida /
_cHans Cloos ; versión española por Joaquín Gómez de Llarena.
260 _aBarcelona, etc. :
_bLabor,
_c[1955?] (
_fTalls. Gráfs. Iberoamericanos)
300 _a479 p., 48 lám. :
_b1 retr. aut. ;
_c22 cm.
490 1 _aColección libros de hoy
650 0 7 _aGeomorfología
_2embne
_913105
700 1 _aGómez de Llarena, Joaquín (
_d1891-1979)
_957911
830 0 _aColección libros de hoy
_9182911
852 _aES-MaACL
_jC-9971
_bR.37815
999 _c44822
_d44822